000 00967nam a22002175i 4500
001 152274
003 ES-MaACL
005 20251009191037.0
008 981201s1893 po |||| | por d
040 _aCCPB | B
_bspa
_cCCPB | B
100 1 _aLepage du Boccage, Marie-Anne.
_9148073
245 1 2 _aA colombiada ou A fé levada ao novo mundo /
_cepopèa de Mme. du Bocage ; vertida en linguagem vernacula e offerecida a sua majestade a rainha Dona Amelia de Orléans e Bragança pelo visconde de Seabra.
260 _aLisboa :
_b[s.n.],
_c1893 (
_fpor orden e na typographia da Academia Real das Sciencias)
300 _aXIII, 233 p. ;
_c22 cm.
500 _aEl encabezamiento consta en Bouillet.- Dict. snio. d'Hist. et de Geogr.
700 1 _aSeabra, António Luís de,
_cVisconde de
_9132603
740 0 _aA fé levada ao novo mundo.
852 _aES-MaACL
_jG-8729
_z-- Enc. hol. conservando la cub. original
999 _c152274
_d152274